000 00714nam a22002417a 4500
003 UA-OsUOA
001 51818
007 ta
008 20141028b un ||||| |||| 00| 0 ukr d
100 _aЕппель В.
090 _a030
_bЕ68
942 _cBK
040 _aUA-OsUOA
_bukr
_cUA-OsUOA
_dUA-OsUOA
245 _aНові матеріали до словника українських псевдонімів
300 _a116 с.
955 _a1
041 _aukr
080 _a030
260 _aК.
_c1999
650 7 _a030 Загальні довідкові праці
_2UDC
999 _c431944
_d431944